| 000 | 01008nas a2200313 4500 | ||
|---|---|---|---|
| 001 | BR2019001888 | ||
| 003 | BR-BrBNA | ||
| 005 | 20231205132006.0 | ||
| 007 | ta | ||
| 008 | 230509b bl.|||p| |||| 00| 00por d | ||
| 040 |
_aBR-BrBNA _bpor _cBiblioteca Nacional de Agricultura |
||
| 041 | _a(En) | ||
| 072 | _aH10 | ||
| 100 | 1 | _aToninato, B.O. | |
| 100 | 1 | _aSouza, D.H.G. | |
| 100 | 1 | _aPontalti, P.R. | |
| 100 | 1 | _aLopes, A.P.M. | |
| 100 | 1 | _aDias-Arieira, C.R. | |
| 245 | 1 | _aMeloidogyne javanica control in lettuce with fertilizers applied isolated or associated with biological product | |
| 650 | _aALFACE | ||
| 650 | _aPRAGA DE PLANTA | ||
| 650 | _aNEMATOIDE | ||
| 650 | _aCONTROLE ALTERNATIVO | ||
| 650 | _aDEFESA VEGETAL | ||
| 773 | 0 |
_tHorticultura Brasileira (Brazil) _xISSN 1806-9991 _g(Oct-Dec 2019), v. 37(4) p. 384-389 _wBR2019001888 |
|
| 856 | 4 | 0 | _uhttp://www.scielo.br/pdf/hb/v37n4/1806-9991-hb-37-04-384.pdf |
| 909 |
_a202311 _bLúcia _c55 _dLúcia Elande |
||
| 942 |
_2AGRIS _n0 _cANA |
||
| 999 |
_c257857 _d257857 |
||